000 00612nam a2200205Ia 4500
005 20251006225630.0
008 251006t2003||||xx |||||||||||||| ||und||
040 _aCBC
100 _aRebok, Sandra
245 _aLa expedición americana de Alexander von Humboldt y su contribución a la ciencia del siglo XIX
300 _ap. 441-458
600 _aALEXANDER VON HUMBOLDT
650 _aCIENCIA
650 _aHISTORIA
650 _aRELATOS DE VIAJEROS
650 _aSIGLOS XIX
651 _aAMERICA
773 _aBoletín del Instituto Francés de Estudios Andinos Vol. 32 No. 3 (2003)
942 _tMJCh
999 _c14685
_d14685